| 000 | 01721cam a2200361 i 4500 | ||
|---|---|---|---|
| 999 |
_c1947 _d1947 |
||
| 001 | 18100057 | ||
| 003 | OSt | ||
| 005 | 20230220142320.0 | ||
| 008 | 140402s2015 iluab j b 001 0 eng c | ||
| 010 | _a 2014013377 | ||
| 020 | _a9781484609675 (pb) | ||
| 040 |
_aIEN/DLC _beng _cIEN _erda _dDLC _dKH8 |
||
| 042 | _apcc | ||
| 043 | _af-ua--- | ||
| 082 | 0 | 4 |
_a932.01 WAL _223 |
| 100 | 1 |
_aWaldron, Melanie, _eauthor. |
|
| 245 | 1 | 0 |
_aGeography matters in ancient Egypt / _cMelanie Waldron. |
| 264 | 1 |
_aChicago, Illinois : _bHeinemann Raintree, _c2015. |
|
| 300 |
_a48 pages : _billustrations, maps ; _c25 cm. |
||
| 336 |
_atext _btxt _2rdacontent |
||
| 337 |
_aunmediated _bn _2rdamedia |
||
| 338 |
_avolume _bnc _2rdacarrier |
||
| 490 | 1 | _aGeography matters in ancient civilizations | |
| 504 | _aIncludes bibliographical references and index. | ||
| 505 | 0 | _aWho were the ancient Egyptians? -- Where in the world was ancient Egypt? -- How did the River Nile shape ancient Egyptian life? -- How did ancient Egyptians farm the land? -- How did the ancient Egyptian empire change? -- What part did the desert play in ancient Egyptian life? -- Where were ancient Egyptian towns and cities? -- What jobs did ancient Egyptians do? -- Was geography important in ancient Egyptian society? | |
| 650 | 0 |
_aHuman geography _zEgypt _vJuvenile literature. |
|
| 651 | 0 |
_aEgypt _xHistorical geography _vJuvenile literature. |
|
| 651 | 0 |
_aEgypt _xCivilization _yTo 332 B.C. _vJuvenile literature. |
|
| 830 | 0 | _aGeography matters in ancient civilizations. | |
| 906 |
_a7 _bcbc _corignew _d1 _eecip _f20 _gy-gencatlg |
||
| 942 |
_2ddc _cNFIC |
||